| 000 | 00381nam a2200145Ia 4500 | ||
|---|---|---|---|
| 008 | 150201s2003 xx 000 0 und d | ||
| 082 |
_a617.6 _bM2003C |
||
| 100 | _aCOULTHARD,PAUL | ||
| 245 | _aMASTER DENTISTRY : ORAL & MAXILLOFACIAL SURGERY | ||
| 250 | _a1ST | ||
| 260 |
_bCHURCHILL LIVINGSTONE _aEDINBURGH _c2003 |
||
| 300 | _a1-267 | ||
| 650 | _aORAL SURGERY | ||
| 942 |
_2ddc _cBK |
||
| 999 |
_c3552 _d3552 |
||